Outdoor trénink pro manažery a firemní týmy
Guardado en:
| Autor principal: | |
|---|---|
| Otros Autores: | |
| Formato: | Libro |
| Lenguaje: | checo |
| Publicado: |
Praha
GRADA Publishing
2005
|
| Colección: | Manažer
|
| Materias: | |
| Etiquetas: |
Sin Etiquetas, Sea el primero en etiquetar este registro!
|
MARC
| LEADER | 00000nam$a2200000$$$4500 | ||
|---|---|---|---|
| 001 | 0031451 | ||
| 005 | 20240313133322.6 | ||
| 020 | |a 80-247-0318-1 | ||
| 041 | 0 | |a cze | |
| 044 | |a CZ | ||
| 245 | 1 | 0 | |a Outdoor trénink |b pro manažery a firemní týmy |c Vladimír Svatoš, Petr Lebeda |
| 264 | 1 | |a Praha |b GRADA Publishing |c 2005 | |
| 300 | |a 192 s. | ||
| 490 | 1 | |a Manažer | |
| 830 | 0 | |a Manažer | |
| 610 | 2 | 0 | |a rozvoj pracovníkov |
| 610 | 2 | 0 | |a psychológia riadenia |
| 610 | 2 | 0 | |a tímy pracovné |
| 610 | 2 | 0 | |a manažment |
| 100 | 1 | |a Svatoš, Vladimír | |
| 700 | 1 | |a Lebeda, Petr | |